Příručka systému Novell NetWare v 3.11

Gespeichert in:
Bibliographische Detailangaben
1. Verfasser: Pospíšil, Josef
Format: Buch
Sprache:Tschechisch
Veröffentlicht: Pardubice Systemconsult 1992
Ausgabe:1. vyd.
Schriftenreihe:Lokální počítačové sítě LAN
Schlagworte:
Tags: Tag hinzufügen
Keine Tags, Fügen Sie das erste Tag hinzu!

MARC

LEADER 00000nam a2200000 4500
001 c005062
005 20221214090452.8
020 |a 80-900344-8-9 
041 0 |a cze 
044 |a CZ 
245 1 0 |a Příručka systému Novell NetWare v 3.11  |c Josef Pospíšil 
250 |a 1. vyd. 
264 1 |a Pardubice  |b Systemconsult  |c 1992 
300 |a 269 s. 
490 1 |a Lokální počítačové sítě LAN 
830 0 |a Lokální počítačové sítě LAN 
610 2 0 |a systémy počítačové 
610 2 0 |a Novell Netware 3.11 
610 2 0 |a systémy operačné 
610 2 0 |a siete počítačové 
610 2 0 |a používatelia 
610 2 0 |a spracovanie dát automatické 
610 2 0 |a ochrana dát 
610 2 0 |a programy počítačové 
610 2 0 |a DOS 
100 1 |a Pospíšil, Josef